000 00664nam a22002177a 4500
003 UA-OsUOA
001 42478
007 ta
008 20090206b un ||||| |||| 00| 0 ukr d
090 _a929
_bА38
942 _cAV
040 _aUA-OsUOA
_bukr
_cUA-OsUOA
_dUA-OsUOA
245 _aАкадемік Л.Т. Мала// Науково-пізнавальний фільм із серії "Золоті імена науки України"
300 _a25 хв. с.
955 _a4
041 _aukr
080 _a929
260 _aК.
_b"Спейс-Інформ"
_c2003
650 7 _a9 Географія. Біографії. Історія
_2UDC
999 _c440976
_d440976